[Event "GRENKE Chess Open 2024"]
[Site "Karlsruhe"]
[Date "2024.03.30"]
[Round "5.46"]
[White "Kniest, Oliver"]
[Black "Jaeschke, Felix"]
[Result "1-0"]
[WhiteElo "2262"]
[BlackElo "2063"]
[Annotator "RC"]
[PlyCount "107"]
[EventDate "2024.03.28"]
[EventType "swiss"]
[EventCountry "GER"]
[SourceTitle "playchess.com"]
[Source "ChessBase"]
[SourceQuality "1"]

1. d4 d5 2. c4 e6 3. Nc3 Be7 4. cxd5 exd5 5. Bf4 c6 6. e3 Bf5 7. Bd3 Bxd3 8. Qxd3 Nf6 9. h3 O-O 10. Nge2 Re8 11. O-O Nbd7 12. f3 b5 13. Rac1 Rc8 14. g4 Nb6 15. b3 b4 16. Nd1 Bd6 17. Nf2 h6 18. e4 dxe4 19. fxe4 Bf8 20. Qf3 c5 21. Rcd1 c4 22. bxc4 Rxc4 23. g5 Nh7 24. gxh6 g5 25. Bg3 Qf6 26. Qg2 Qg6 27. e5 Bxh6 28. Ne4 Rc2 29. Nd6 Rxe2 30. Qxe2 Qxd6 31. Qb5 Qd7 32. Qxd7 Nxd7 33. Rc1 Nhf8 34. Rc7 a6 35. Ra7 Re6 36. d5 Rg6 37. d6 g4 38. Kh2 Bg7 39. Re1 gxh3 40. Kxh3 Re6 41. Rxa6 Bxe5 42. Bxe5 Nxe5 43. Re4 Rh6+ 44. Kg2 Rg6+ 45. Kf1 Nd3 46. Rd4 Nc5 47. Rc6 Nfd7 48. Rxb4 Rg3 49. Rc4 Rf3+ 50. Ke2 Ra3 51. R4xc5 Nxc5 52. Rxc5 Rxa2+ 53. Ke3 Ra8 54. d7 1-0

[Event "GRENKE Chess Open 2024"]
[Site "Karlsruhe"]
[Date "2024.03.30"]
[Round "5.47"]
[White "Rosner, Jonas"]
[Black "Manish Anto Cristiano F"]
[Result "*"]
[WhiteElo "2431"]
[BlackElo "2286"]
[Annotator "TA"]
[PlyCount "42"]
[EventDate "2024.03.28"]
[EventType "swiss"]
[EventCountry "GER"]
[SourceTitle "playchess.com"]
[Source "ChessBase"]
[SourceQuality "1"]

1. e4 c5 2. Nf3 d6 3. Bb5+ Nd7 4. O-O a6 5. Bxd7+ Bxd7 6. c3 Nf6 7. Re1 Bc6 8. d4 Bxe4 9. Bg5 Bc6 10. Bxf6 gxf6 11. d5 Bd7 12. Nh4 Rg8 13. Qf3 Bg4 14. Qf4 e5 15. dxe6 Bxe6 16. c4 Qd7 17. Nc3 O-O-O 18. f3 f5 19. Nd5 Bxd5 20. cxd5 Bg7 21. Re2 Rge8 *

[Event "GRENKE Chess Open 2024"]
[Site "Karlsruhe"]
[Date "2024.03.30"]
[Round "5.47"]
[White "Sahithi Varshini M"]
[Black "Monroy, Charles"]
[Result "0-1"]
[WhiteElo "2213"]
[BlackElo "2393"]
[Annotator "RC"]
[PlyCount "74"]
[EventDate "2024.03.28"]
[EventType "swiss"]
[EventCountry "GER"]
[SourceTitle "playchess.com"]
[Source "ChessBase"]
[SourceQuality "1"]

1. e4 e5 2. Nf3 Nc6 3. Bb5 a6 4. Ba4 Nf6 5. O-O Be7 6. d3 d6 7. c4 O-O 8. h3 Nd4 9. Nxd4 exd4 10. Nd2 c6 11. Nf3 b5 12. cxb5 axb5 13. Bb3 c5 14. Bg5 Nd7 15. Bd2 Bb7 16. Ne1 Kh8 17. f4 f5 18. exf5 Rxf5 19. g4 Rf8 20. Be6 Qc7 21. Rc1 Rae8 22. Nf3 Qc6 23. g5 Bd8 24. Bg4 Nb6 25. Rf2 Qd5 26. f5 Qf7 27. Qf1 Nd5 28. Re1 Ne3 29. Bxe3 dxe3 30. Rfe2 Bxf3 31. Qxf3 Bxg5 32. b3 Qf6 33. Rf1 Qd4 34. Qg2 Re5 35. Rd1 c4 36. bxc4 bxc4 37. Bh5 Rexf5 0-1

[Event "GRENKE Chess Open 2024"]
[Site "Karlsruhe"]
[Date "2024.03.30"]
[Round "5.47"]
[White "Semling, Julius"]
[Black "Nurgaliyev, Sauat"]
[Result "1/2-1/2"]
[WhiteElo "2046"]
[BlackElo "2262"]
[Annotator "RC"]
[PlyCount "76"]
[EventDate "2024.03.28"]
[EventType "swiss"]
[EventCountry "GER"]
[SourceTitle "playchess.com"]
[Source "ChessBase"]
[SourceQuality "1"]

1. d4 Nf6 2. c4 g6 3. Nc3 d5 4. Nf3 Bg7 5. Bg5 Ne4 6. Bf4 Nxc3 7. bxc3 c5 8. e3 O-O 9. cxd5 cxd4 10. cxd4 Qxd5 11. Be2 Qa5+ 12. Qd2 Nc6 13. Rc1 Qxd2+ 14. Kxd2 Rd8 15. Rc5 Bf5 16. Rhc1 e6 17. Rb5 Be4 18. Bd3 Bxd3 19. Kxd3 Rd7 20. Ne5 Bxe5 21. Bxe5 a6 22. Rbc5 Rf8 23. Ke2 f6 24. Bf4 g5 25. Bg3 Kf7 26. h4 h6 27. hxg5 hxg5 28. Rh1 Kg6 29. Kf3 Rff7 30. a3 f5 31. Be5 Rh7 32. Rb1 Rh4 33. Rb6 Kf7 34. Ke2 Rh1 35. g4 fxg4 36. Bg3 Kg6 37. Rcxc6 bxc6 38. Rxc6 Kf5 1/2-1/2

[Event "GRENKE Chess Open 2024"]
[Site "Karlsruhe"]
[Date "2024.03.30"]
[Round "5.48"]
[White "Makkar, Rajat"]
[Black "Hampel, Felix"]
[Result "1/2-1/2"]
[WhiteElo "2434"]
[BlackElo "2294"]
[Annotator "TA"]
[PlyCount "78"]
[EventDate "2024.03.28"]
[EventType "swiss"]
[EventCountry "GER"]
[SourceTitle "playchess.com"]
[Source "ChessBase"]
[SourceQuality "1"]

1. c4 Nf6 2. g3 g6 3. Bg2 Bg7 4. Nc3 O-O 5. d4 d6 6. Nf3 c5 7. O-O Nc6 8. d5 Na5 9. Nd2 a6 10. Qc2 e6 11. b3 exd5 12. cxd5 b5 13. Bb2 Ra7 14. e4 Nh5 15. a4 Bd7 16. axb5 axb5 17. Nd1 Qb6 18. Ne3 Rfa8 19. Bxg7 Nxg7 20. e5 Nf5 21. Ng4 Nd4 22. Nf6+ Kg7 23. Qe4 Bf5 24. Qh4 dxe5 25. Qxh7+ Kxf6 26. f4 e4 27. Nxe4+ Bxe4 28. Bxe4 Naxb3 29. Rxa7 Qxa7 30. f5 gxf5 31. Qh6+ Ke7 32. d6+ Kd7 33. Bxf5+ Nxf5 34. Rxf5 Qa1+ 35. Kg2 Rh8 36. Qe3 Qa8+ 37. Kg1 Qa1+ 38. Kg2 Qa8+ 39. Kg1 Qa1+ 1/2-1/2

[Event "GRENKE Chess Open 2024"]
[Site "Karlsruhe"]
[Date "2024.03.30"]
[Round "5.48"]
[White "Mladek, Richard"]
[Black "Karas, Marek"]
[Result "1-0"]
[WhiteElo "2393"]
[BlackElo "2212"]
[Annotator "RC"]
[PlyCount "69"]
[EventDate "2024.03.28"]
[EventType "swiss"]
[EventCountry "GER"]
[SourceTitle "playchess.com"]
[Source "ChessBase"]
[SourceQuality "1"]

1. Nf3 Nf6 2. g3 g6 3. b3 Bg7 4. Bb2 d5 5. c4 c6 6. Bg2 O-O 7. O-O Bg4 8. d3 Qc8 9. Re1 Bxf3 10. Bxf3 Rd8 11. Nd2 Qh3 12. Bg2 Qh5 13. h3 Qf5 14. Nf3 Na6 15. Qc1 Ne8 16. Bxg7 Kxg7 17. b4 dxc4 18. Qxc4 Nd6 19. Qb3 e5 20. a4 Qf6 21. Rac1 e4 22. dxe4 Nxe4 23. Rc4 Re8 24. Qc2 Qe7 25. Nh2 Nd6 26. Rf4 g5 27. Rd4 Rad8 28. Ng4 Nc7 29. Red1 Ne6 30. Rxd6 Rxd6 31. Qc3+ Nd4 32. Rxd4 Rxd4 33. Qxd4+ f6 34. Ne3 Rd8 35. Qxa7 1-0

[Event "GRENKE Chess Open 2024"]
[Site "Karlsruhe"]
[Date "2024.03.30"]
[Round "5.48"]
[White "Pubantz, Jan"]
[Black "Vanczak, Tamas"]
[Result "*"]
[WhiteElo "2276"]
[BlackElo "2431"]
[Annotator "TA"]
[PlyCount "40"]
[EventDate "2024.03.28"]
[EventType "swiss"]
[EventCountry "GER"]
[SourceTitle "playchess.com"]
[Source "ChessBase"]
[SourceQuality "1"]

1. c4 Nf6 2. g3 g6 3. Bg2 Bg7 4. Nc3 O-O 5. d4 d6 6. Nf3 c5 7. O-O Nc6 8. d5 Na5 9. Nd2 a6 10. Qc2 e6 11. b3 exd5 12. cxd5 b5 13. Bb2 Ra7 14. e4 Nh5 15. a4 Bd7 16. axb5 axb5 17. Nd1 Qb6 18. Ne3 Rfa8 19. Bxg7 Nxg7 20. e5 Nf5 *

[Event "GRENKE Chess Open 2024"]
[Site "Karlsruhe"]
[Date "2024.03.30"]
[Round "5.48"]
[White "Hinterreiter, Markus"]
[Black "Kuhn, Ulf"]
[Result "1/2-1/2"]
[WhiteElo "2260"]
[BlackElo "2047"]
[Annotator "RC"]
[PlyCount "115"]
[EventDate "2024.03.28"]
[EventType "swiss"]
[EventCountry "GER"]
[SourceTitle "playchess.com"]
[Source "ChessBase"]
[SourceQuality "1"]

1. c4 f5 2. g3 Nf6 3. Bg2 d6 4. Nc3 e5 5. b4 Be7 6. Rb1 O-O 7. d3 Qe8 8. Nf3 Qh5 9. O-O f4 10. e3 fxg3 11. fxg3 c6 12. e4 Na6 13. Nh4 Qxd1 14. Nxd1 g6 15. Bh6 Re8 16. Ne3 Ng4 17. Nxg4 Bxg4 18. Rb2 Bf8 19. Be3 b6 20. a3 Nc7 21. Rbf2 Be6 22. Nf3 h6 23. Nh4 Kg7 24. Rf6 g5 25. Ng6 c5 26. h4 cxb4 27. hxg5 hxg5 28. Bxg5 Be7 29. Nxe7 Rxe7 30. axb4 a5 31. b5 Rf7 32. Bh3 Rxf6 33. Bxf6+ Kg6 34. Bxe6 Nxe6 35. Be7 Nc5 36. Rf6+ Kh5 37. Rf5+ Kg6 38. Bxd6 Nxd3 39. Bxe5 Nxe5 40. Rxe5 a4 41. Rd5 a3 42. Rd1 a2 43. Ra1 Kf6 44. c5 bxc5 45. b6 Ke5 46. b7 Rb8 47. Rxa2 Rxb7 48. Rc2 Kd4 49. Kf2 Rf7+ 50. Ke2 Re7 51. Rd2+ Kxe4 52. Rd8 Rg7 53. Kd2 Rxg3 54. Kc2 Rh3 55. Rd7 Rh5 56. Kc3 Rd5 57. Rxd5 Kxd5 58. Kd3 1/2-1/2

[Event "GRENKE Chess Open 2024"]
[Site "Karlsruhe"]
[Date "2024.03.30"]
[Round "5.49"]
[White "Malek, Daniel"]
[Black "Krstulovic, Alex"]
[Result "0-1"]
[WhiteElo "2278"]
[BlackElo "2431"]
[Annotator "TA"]
[PlyCount "56"]
[EventDate "2024.03.28"]
[EventType "swiss"]
[EventCountry "GER"]
[SourceTitle "playchess.com"]
[Source "ChessBase"]
[SourceQuality "1"]

1. e4 c6 2. d4 d5 3. exd5 cxd5 4. Bd3 Nc6 5. c3 Nf6 6. h3 g6 7. Nf3 Bf5 8. O-O e6 9. Re1 Qc7 10. Bf1 h5 11. Be3 Bd6 12. Nbd2 Ng4 13. hxg4 hxg4 14. g3 gxf3 15. Nxf3 f6 16. Bg2 O-O-O 17. Kf1 g5 18. Ke2 Nb4 19. b3 Nc2 20. Qd2 Nxa1 21. Rxa1 Be4 22. Rg1 Kb8 23. Ne1 Bxg2 24. Nxg2 Rc8 25. Kd3 Rh2 26. Ne1 Qa5 27. Qb2 e5 28. Kd2 Rxc3 0-1

[Event "GRENKE Chess Open 2024"]
[Site "Karlsruhe"]
[Date "2024.03.30"]
[Round "5.49"]
[White "Casadio, Niccolo`"]
[Black "Abel, Dennes"]
[Result "*"]
[WhiteElo "2274"]
[BlackElo "2427"]
[Annotator "TA"]
[PlyCount "34"]
[EventDate "2024.03.28"]
[EventType "swiss"]
[EventCountry "GER"]
[SourceTitle "playchess.com"]
[Source "ChessBase"]
[SourceQuality "1"]

1. e4 c6 2. d4 d5 3. exd5 cxd5 4. Bd3 Nc6 5. c3 Nf6 6. h3 g6 7. Nf3 Bf5 8. O-O e6 9. Re1 Qc7 10. Bf1 h5 11. Be3 Bd6 12. Nbd2 Ng4 13. hxg4 hxg4 14. g3 gxf3 15. Nxf3 f6 16. Bg2 O-O-O 17. Kf1 g5 *

[Event "GRENKE Chess Open 2024"]
[Site "Karlsruhe"]
[Date "2024.03.30"]
[Round "5.49"]
[White "Schmohel, Andreas"]
[Black "Werthebach, Felix"]
[Result "0-1"]
[WhiteElo "2039"]
[BlackElo "2260"]
[Annotator "RC"]
[PlyCount "152"]
[EventDate "2024.03.28"]
[EventType "swiss"]
[EventCountry "GER"]
[SourceTitle "playchess.com"]
[Source "ChessBase"]
[SourceQuality "1"]

1. e4 c5 2. Nf3 e6 3. d4 cxd4 4. Nxd4 Nf6 5. Nc3 d6 6. Be2 a6 7. O-O Be7 8. Be3 O-O 9. f4 Qc7 10. a4 Nc6 11. Kh1 Re8 12. Bf3 Rb8 13. g4 Nd7 14. Bg2 Na5 15. g5 g6 16. Qe1 Nc4 17. Bc1 Bf8 18. Qh4 Bg7 19. Nde2 b6 20. Rf3 Bb7 21. b3 Na5 22. Bb2 d5 23. Rh3 Nf8 24. e5 Nc6 25. Nd1 d4 26. Nf2 Ne7 27. Nxd4 Red8 28. Ng4 Bxg2+ 29. Kxg2 Nf5 30. Qf2 Rbc8 31. c4 Nd7 32. Nxf5 exf5 33. Ne3 Nc5 34. Nd5 Qb7 35. Rd1 b5 36. Ba3 b4 37. Bb2 Ne6 38. Kg1 Rd7 39. Qh4 Kf8 40. Qf2 Kg8 41. Rhd3 Rcd8 42. Bc1 Kh8 43. Be3 Bf8 44. R3d2 a5 45. h4 Qc6 46. Kh2 Bc5 47. Qe2 Bxe3 48. Qxe3 Qc5 49. Qe2 Qc6 50. Rd3 Nc5 51. e6 Nxe6 52. Qe5+ Ng7 53. Ne7 Qb7 54. Rxd7 Rxd7 55. Rxd7 Qxd7 56. Nd5 Qe6 57. Qxe6 Nxe6 58. Kg3 Nc5 59. Ne7 Nxb3 60. Nc6 Nc5 61. Nxa5 b3 62. Nxb3 Nxb3 63. Kf3 Kg8 64. Ke3 Kf8 65. Kd3 Nc5+ 66. Kc3 Nxa4+ 67. Kb4 Nb6 68. Kc5 Nc8 69. Kc6 Ke8 70. c5 Na7+ 71. Kb6 Kd7 72. Kb7 Nc6 73. Kb6 Nd4 74. Kb7 Ne6 75. c6+ Kd6 76. Kb6 Nxf4 0-1

[Event "GRENKE Chess Open 2024"]
[Site "Karlsruhe"]
[Date "2024.03.30"]
[Round "5.50"]
[White "Nguyen, Alex Dac-Vuong"]
[Black "Cofmann, Veaceslav"]
[Result "0-1"]
[WhiteElo "2381"]
[BlackElo "2205"]
[Annotator "RC"]
[PlyCount "78"]
[EventDate "2024.03.28"]
[EventType "swiss"]
[EventCountry "GER"]
[SourceTitle "playchess.com"]
[Source "ChessBase"]
[SourceQuality "1"]

1. e4 e6 2. d4 d5 3. Nc3 Nf6 4. e5 Nfd7 5. f4 c5 6. Nf3 Nc6 7. Be3 Qb6 8. Na4 Qa5+ 9. c3 b6 10. Bd2 c4 11. b4 Nxb4 12. cxb4 Bxb4 13. Qc2 Bxd2+ 14. Nxd2 b5 15. Nc3 Nb6 16. Be2 Bd7 17. O-O Qa3 18. Nd1 g6 19. g4 Qe7 20. Ne3 b4 21. Rac1 Rc8 22. Nf3 a5 23. f5 a4 24. Rb1 b3 25. Qc3 Rb8 26. Rf2 gxf5 27. gxf5 Rg8+ 28. Rg2 Rxg2+ 29. Nxg2 a3 30. Rxb3 cxb3 31. Qxb3 Ba4 32. Qb1 Nd7 33. Qc1 Qb4 34. Bd3 Qb2 35. Qg5 Rc8 36. fxe6 fxe6 37. Qg8+ Nf8 38. Bxh7 Bc2 39. Ng5 Qxd4+ 0-1

[Event "GRENKE Chess Open 2024"]
[Site "Karlsruhe"]
[Date "2024.03.30"]
[Round "5.50"]
[White "Gallana, Marco"]
[Black "Rolf, Marco"]
[Result "1-0"]
[WhiteElo "2258"]
[BlackElo "2030"]
[Annotator "RC"]
[PlyCount "73"]
[EventDate "2024.03.28"]
[EventType "swiss"]
[EventCountry "GER"]
[SourceTitle "playchess.com"]
[Source "ChessBase"]
[SourceQuality "1"]

1. Nf3 d5 2. e3 Nf6 3. c4 c6 4. b3 Bf5 5. Bb2 e6 6. Be2 h6 7. O-O Be7 8. cxd5 cxd5 9. Bb5+ Nc6 10. Nd4 Qb6 11. Bxc6+ bxc6 12. Nxf5 exf5 13. Qf3 O-O 14. Qxf5 a5 15. Nc3 a4 16. Rab1 axb3 17. Ba1 Ra3 18. axb3 Rxb3 19. Na4 Qb4 20. Bxf6 Bxf6 21. Rxb3 Qxb3 22. Nc5 Qb2 23. d4 Ra8 24. g3 Be7 25. Nd3 Qb5 26. Ne5 Bf6 27. Rb1 Qa6 28. Nd7 Be7 29. Ne5 Bf6 30. Ng4 Be7 31. Qd7 Qd3 32. Rf1 Qe4 33. Ne5 Bg5 34. Qxf7+ Kh7 35. h4 Bxe3 36. fxe3 Qxe3+ 37. Qf2 1-0

[Event "GRENKE Chess Open 2024"]
[Site "Karlsruhe"]
[Date "2024.03.30"]
[Round "5.51"]
[White "Koehler, Christian Friedrich"]
[Black "Roser, Kevin"]
[Result "1/2-1/2"]
[WhiteElo "2209"]
[BlackElo "2379"]
[Annotator "RC"]
[PlyCount "63"]
[EventDate "2024.03.28"]
[EventType "swiss"]
[EventCountry "GER"]
[SourceTitle "playchess.com"]
[Source "ChessBase"]
[SourceQuality "1"]

1. e4 c5 2. Nf3 Nc6 3. Bb5 g6 4. Bxc6 dxc6 5. d3 Bg7 6. h3 Nf6 7. O-O O-O 8. Nc3 e5 9. Be3 Qe7 10. a4 a5 11. Qd2 Ne8 12. Qd1 Nf6 13. Qd2 Ne8 14. Rae1 Nc7 15. Nh2 Ne6 16. Nf3 Nc7 17. Nh2 Ne6 18. Bh6 Bxh6 19. Qxh6 Qg5 20. Qxg5 Nxg5 21. Ng4 f6 22. Ne3 Ne6 23. Ne2 Nd4 24. Nxd4 cxd4 25. Nc4 Be6 26. Nd2 Bc8 27. Nc4 Be6 28. Nd2 Kg7 29. f4 exf4 30. Rxf4 Kg8 31. Rff1 Kg7 32. Rf4 1/2-1/2

[Event "GRENKE Chess Open 2024"]
[Site "Karlsruhe"]
[Date "2024.03.30"]
[Round "5.51"]
[White "Rahimi, Rahim"]
[Black "Volkov, Mykyta"]
[Result "*"]
[WhiteElo "2017"]
[BlackElo "2256"]
[Annotator "RC"]
[PlyCount "59"]
[EventDate "2024.03.28"]
[EventType "swiss"]
[EventCountry "GER"]
[SourceTitle "playchess.com"]
[Source "ChessBase"]
[SourceQuality "1"]

1. d4 e6 2. Bf4 Nf6 3. e3 d5 4. Bd3 c5 5. c3 Nc6 6. Nf3 Nh5 7. Bg3 Bd7 8. Nbd2 Nxg3 9. hxg3 cxd4 10. exd4 Bd6 11. Rc1 g6 12. a3 O-O 13. c4 Qf6 14. Rh4 Qg7 15. b4 Be7 16. b5 Na5 17. c5 Bxh4 18. gxh4 f6 19. Qa4 b6 20. c6 Bc8 21. Qb4 Qc7 22. Qb1 e5 23. dxe5 fxe5 24. Qa2 Qf7 25. Nf1 Be6 26. Ng5 Qf6 27. Ne3 Nb3 28. Rd1 e4 29. Nxe6 Qc3+ 30. Kf1 *

[Event "GRENKE Chess Open 2024"]
[Site "Karlsruhe"]
[Date "2024.03.30"]
[Round "5.52"]
[White "Gaal, Zsoka"]
[Black "Lesny, Florian"]
[Result "1-0"]
[WhiteElo "2379"]
[BlackElo "2207"]
[Annotator "RC"]
[PlyCount "148"]
[EventDate "2024.03.28"]
[EventType "swiss"]
[EventCountry "GER"]
[SourceTitle "playchess.com"]
[Source "ChessBase"]
[SourceQuality "1"]

1. d4 d5 2. c4 e6 3. Nc3 Nf6 4. cxd5 exd5 5. Bg5 Be7 6. e3 O-O 7. Bd3 h6 8. Bh4 Re8 9. Nge2 Nbd7 10. O-O c6 11. Qc2 Nh5 12. Bxe7 Qxe7 13. Rab1 Nb6 14. b4 a6 15. a4 Bg4 16. h3 Bxe2 17. Qxe2 Nf6 18. Rfc1 g6 19. Rb2 h5 20. Qd1 Rec8 21. Qb3 Kg7 22. Rbc2 Qd6 23. a5 Nbd7 24. Na4 Qe7 25. Nc5 Nf8 26. Re2 Ne6 27. Nxe6+ Qxe6 28. e4 dxe4 29. Qxe6 fxe6 30. Bxe4 Nxe4 31. Rxe4 Kf6 32. Rc3 Re8 33. Rf3+ Kg7 34. Rfe3 Kf6 35. Rf4+ Kg7 36. g4 hxg4 37. Rxg4 Kh6 38. Rh4+ Kg5 39. Rh7 Rad8 40. Re4 Rh8 41. Rxb7 Rxh3 42. Rb6 Rb3 43. Rxc6 Rxb4 44. Rexe6 Rdxd4 45. Rxg6+ Kf5 46. Rcf6+ Ke5 47. Rxa6 Rd1+ 48. Kg2 Rbb1 49. Rae6+ Kf4 50. Rgf6+ Kg5 51. Rf8 Rg1+ 52. Kf3 Rgf1 53. Re4 Kg6 54. Rg4+ Kh7 55. a6 Ra1 56. Rf7+ Kh6 57. Rf6+ Kh7 58. Rg3 Ra5 59. Rf7+ Kh8 60. Kg2 Rfa1 61. Rf4 R1a4 62. Rxa4 Rxa4 63. Rg6 Kh7 64. Rb6 Kg7 65. Kg3 Kf7 66. f4 Ra1 67. Kg4 Ra5 68. f5 Ra1 69. Kg5 Rg1+ 70. Kf4 Ra1 71. Ke5 Ra5+ 72. Kd6 Rxf5 73. a7 Ra5 74. Rb7+ Ke8 1-0

[Event "GRENKE Chess Open 2024"]
[Site "Karlsruhe"]
[Date "2024.03.30"]
[Round "5.53"]
[White "Glantz, Robert"]
[Black "Fischer, Sebastian"]
[Result "1-0"]
[WhiteElo "2375"]
[BlackElo "2201"]
[Annotator "RC"]
[PlyCount "67"]
[EventDate "2024.03.28"]
[EventType "swiss"]
[EventCountry "GER"]
[SourceTitle "playchess.com"]
[Source "ChessBase"]
[SourceQuality "1"]

1. e4 d5 2. exd5 Qxd5 3. Nc3 Qa5 4. d4 Nf6 5. Bc4 Bg4 6. f3 Bf5 7. Nge2 Nbd7 8. O-O e6 9. Ng3 Bg6 10. Qe2 O-O-O 11. Be3 Nb6 12. Bb3 Nbd5 13. Nxd5 Nxd5 14. Bf2 h5 15. h4 Nf6 16. Kh1 Bd6 17. Ne4 Nxe4 18. fxe4 e5 19. d5 Rdf8 20. Bc4 f5 21. a3 c5 22. dxc6 fxe4 23. cxb7+ Kb8 24. Rad1 Rf6 25. Rd5 Qc7 26. Qe3 Rxf2 27. Rxf2 Bf7 28. Rxd6 Bxc4 29. Rdd2 Qxb7 30. b3 Bb5 31. c4 Bc6 32. Qc5 e3 33. Rf8+ Rxf8 34. Qxf8+ 1-0

[Event "GRENKE Chess Open 2024"]
[Site "Karlsruhe"]
[Date "2024.03.30"]
[Round "5.53"]
[White "Narr, Kevin"]
[Black "Schnepp, Gunnar"]
[Result "1/2-1/2"]
[WhiteElo "2007"]
[BlackElo "2252"]
[Annotator "RC"]
[PlyCount "66"]
[EventDate "2024.03.28"]
[EventType "swiss"]
[EventCountry "GER"]
[SourceTitle "playchess.com"]
[Source "ChessBase"]
[SourceQuality "1"]

1. Nf3 c5 2. g3 Nf6 3. c4 Nc6 4. Bg2 d5 5. cxd5 Nxd5 6. d4 cxd4 7. Nxd4 Ndb4 8. Nxc6 Qxd1+ 9. Kxd1 Nxc6 10. Bd2 Bf5 11. Na3 e5 12. Rc1 Rd8 13. Ke1 f6 14. Nb5 Nb4 15. a3 Nc6 16. Be3 Rc8 17. Rd1 a6 18. Nd6+ Bxd6 19. Rxd6 Ke7 20. Rd1 Rhd8 21. b4 Nd4 22. Bxd4 Rxd4 23. Rxd4 exd4 24. Bxb7 Rc7 25. Bf3 Rc1+ 26. Kd2 Rc2+ 27. Ke1 Ra2 28. Kf1 Bh3+ 29. Ke1 Kd6 30. Be4 Ke5 31. Bb1 Rb2 32. f4+ Ke6 33. Kf2 Bf5 1/2-1/2

[Event "GRENKE Chess Open 2024"]
[Site "Karlsruhe"]
[Date "2024.03.30"]
[Round "5.54"]
[White "Jahncke, Giso"]
[Black "Tan, Zhong Kai"]
[Result "1-0"]
[WhiteElo "2250"]
[BlackElo "2020"]
[Annotator "RC"]
[PlyCount "131"]
[EventDate "2024.03.28"]
[EventType "swiss"]
[EventCountry "GER"]
[SourceTitle "playchess.com"]
[Source "ChessBase"]
[SourceQuality "1"]

1. d4 d5 2. Nf3 Nf6 3. c4 e6 4. g3 dxc4 5. Bg2 Bd7 6. Ne5 Bc6 7. Nxc6 Nxc6 8. e3 Qd7 9. O-O Rd8 10. Qe2 e5 11. Nc3 Bd6 12. Qxc4 exd4 13. exd4 O-O 14. Bg5 Be7 15. Rad1 Nxd4 16. Bxf6 Bxf6 17. Nd5 Qd6 18. Nxf6+ Qxf6 19. Bxb7 Qb6 20. Bd5 c6 21. Qxd4 Qxd4 22. Rxd4 Rxd5 23. Rxd5 cxd5 24. Rc1 g6 25. b3 Re8 26. Kf1 Re6 27. Rc5 Ra6 28. Rc2 Kg7 29. Ke2 Kf6 30. Kd3 Ke5 31. f4+ Kd6 32. Kd4 Rb6 33. Rc8 Rb4+ 34. Kd3 h5 35. Ra8 Rb7 36. Kd4 Rb4+ 37. Kc3 Rb7 38. b4 Rc7+ 39. Kd3 Rb7 40. a3 Rc7 41. Rd8+ Ke6 42. Rb8 Kd6 43. Rb5 Re7 44. Ra5 Kc6 45. h4 Re1 46. Rxa7 Rg1 47. a4 Rxg3+ 48. Kd4 Rg4 49. Rxf7 Rxh4 50. Rf6+ Kb7 51. Kc5 g5 52. fxg5 Rc4+ 53. Kb5 Rg4 54. g6 Kc7 55. a5 d4 56. a6 d3 57. Rf7+ Kb8 58. g7 d2 59. Rd7 Rxg7 60. Rxd2 Rh7 61. Rd8+ Ka7 62. Ka5 h4 63. b5 Rh5 64. Rd7+ Ka8 65. a7 Rh6 66. b6 1-0

[Event "GRENKE Chess Open 2024"]
[Site "Karlsruhe"]
[Date "2024.03.31"]
[Round "6.1"]
[White "Fedoseev, Vladimir"]
[Black "Svane, Rasmus"]
[Result "1/2-1/2"]
[WhiteElo "2690"]
[BlackElo "2623"]
[Annotator "TA"]
[PlyCount "105"]
[EventDate "2024.03.28"]
[EventType "swiss"]
[EventCountry "GER"]
[SourceTitle "playchess.com"]
[Source "ChessBase"]
[SourceQuality "1"]

1. d4 Nf6 2. c4 e6 3. Nf3 d5 4. Nc3 c5 5. e3 dxc4 6. Bxc4 a6 7. O-O b5 8. Be2 Nbd7 9. d5 exd5 10. Nxd5 Bb7 11. Nxf6+ Qxf6 12. a4 b4 13. Qc2 Be7 14. Rd1 Ne5 15. Ne1 Qg6 16. Qxg6 hxg6 17. b3 Bf6 18. Bb2 Nf3+ 19. Bxf3 Bxf3 20. Nxf3 Bxb2 21. Rab1 Bc3 22. Ng5 Ke7 23. Ne4 c4 24. Rdc1 Rab8 25. f4 cxb3 26. Rxb3 Rhc8 27. Kf2 a5 28. Nxc3 bxc3 29. Rxb8 Rxb8 30. Rxc3 Rb4 31. Ra3 f5 32. Kf3 Kf6 33. h4 Rc4 34. g4 fxg4+ 35. Kxg4 Rb4 36. Kf3 Kf7 37. e4 Kf6 38. Rc3 Kf7 39. Rc7+ Kf8 40. e5 Rxa4 41. Ra7 Kg8 42. e6 Kf8 43. Rf7+ Kg8 44. h5 gxh5 45. Rf5 Rb4 46. Rxa5 Kf8 47. Rxh5 Ke7 48. f5 Rb8 49. Rh4 Kf6 50. Rf4 Rb5 51. Kg4 g6 52. e7 Re5 53. e8=N+ 1/2-1/2

[Event "GRENKE Chess Open 2024"]
[Site "Karlsruhe"]
[Date "2024.03.31"]
[Round "6.1"]
[White "Chigaev, Maksim"]
[Black "Nevednichy, Vladislav"]
[Result "1-0"]
[WhiteElo "2617"]
[BlackElo "2445"]
[Annotator "TA"]
[PlyCount "99"]
[EventDate "2024.03.28"]
[EventType "swiss"]
[EventCountry "GER"]
[SourceTitle "playchess.com"]
[Source "ChessBase"]
[SourceQuality "1"]

1. e4 c5 2. Nf3 d6 3. d4 cxd4 4. Qxd4 Nc6 5. Qe3 Nf6 6. Be2 g6 7. O-O Bg7 8. h3 O-O 9. Rd1 Nd7 10. Nc3 b6 11. b3 Bb7 12. Bb2 Rc8 13. Rd2 a6 14. Nd1 b5 15. Bxg7 Kxg7 16. a4 bxa4 17. Rxa4 a5 18. Nd4 Nc5 19. Nxc6 Bxc6 20. Rad4 Ne6 21. Rc4 f6 22. Bg4 Bd7 23. Rxc8 Bxc8 24. Nb2 Qc7 25. Na4 Nc5 26. Nxc5 dxc5 27. Rd5 Bxg4 28. Rxc5 Qd7 29. hxg4 Qxg4 30. Qd3 Qf4 31. g3 Qc1+ 32. Kg2 Qa3 33. Qd5 a4 34. Ra5 Qb2 35. bxa4 Qxc2 36. Ra7 Re8 37. a5 f5 38. exf5 Qxf5 39. Qxf5 gxf5 40. a6 Kg6 41. Rb7 Ra8 42. a7 e5 43. Kh3 h5 44. Kh4 f4 45. gxf4 exf4 46. f3 Kf6 47. Rb6+ Ke5 48. Ra6 Kf5 49. Ra4 Ke5 50. Kxh5 1-0

[Event "GRENKE Chess Open 2024"]
[Site "Karlsruhe"]
[Date "2024.03.31"]
[Round "6.1"]
[White "Hrbek, Stepan"]
[Black "Tudor, Henry Edward"]
[Result "1-0"]
[WhiteElo "2417"]
[BlackElo "2262"]
[Annotator "TA"]
[PlyCount "101"]
[EventDate "2024.03.28"]
[EventType "swiss"]
[EventCountry "GER"]
[SourceTitle "playchess.com"]
[Source "ChessBase"]
[SourceQuality "1"]

1. d4 Nf6 2. c4 e6 3. Nf3 d5 4. Nc3 Bb4 5. Bg5 h6 6. Bxf6 Qxf6 7. Qa4+ Nc6 8. e3 O-O 9. Be2 dxc4 10. Bxc4 e5 11. O-O Bd6 12. Ne4 Qe7 13. Bb5 Bd7 14. Nxd6 cxd6 15. d5 Nb8 16. Rac1 Rc8 17. Nd2 Qd8 18. Ne4 Bf5 19. Rxc8 Bxc8 20. Qb4 Qb6 21. Qxd6 Qxb5 22. Qd8+ Kh7 23. Qxc8 Qxd5 24. Qf5+ Kg8 25. Qc8+ Kh7 26. Nc3 Qc6 27. Qf8 f6 28. Rd1 b5 29. Rd8 b4 30. Nd1 Qc2 31. Qg8+ Kg6 32. Qd5 e4 33. h4 h5 34. Qxa8 Nc6 35. Qc8 Qa4 36. Rd2 Ne5 37. Qc2 Qxa2 38. Qxe4+ Kh6 39. Qf4+ Kg6 40. Qe4+ Kh6 41. Rd8 Ng6 42. Qxb4 Qb1 43. Qd4 Ne5 44. f4 Ng6 45. Qd3 Qc1 46. g3 Qc7 47. b3 a5 48. Nf2 Qc1+ 49. Kg2 Qc6+ 50. Qd5 Qc2 51. f5 1-0